000 00545nam a2200193Ia 4500
003 GCL
008 140319s9999 xx 000 0 eng d
040 _aGCL /
_cGCL
082 0 4 _a005.30245
_bR H
100 1 _aROSS, PAUL W.
245 1 0 _aTHE HANDBOOK OF SOFTWARE FOR ENGINEERS AND SCIENTISTS /
_cROSS, PAUL W.
260 _a[S.N] :
_bCRC PRESS ،
_c1996
300 _a1557
650 0 4 _aشعر الحرب
650 0 4 _aCOMPUTER SOFTWARE
650 0 4 _aENGINEER - DATA PROCESSING
650 0 4 _aSCIENCE - DATA PROCESSING
942 _2ddc
_cBK
999 _c13797
_d13797